ბათუმის შოთა რუსთაველის სახელმწიფო უნივერსიტეტის ბიბლიოთეკა

მელიორაციულ სამუშაოთა მექანიზაცია და ორგანიზაცია. (ბიბ.ჩანაწერი № 44347)

000 -LEADER
fixed length control field 00880nam a2200205Ia 4500
001 - CONTROL NUMBER
control field 11108
003 - CONTROL NUMBER IDENTIFIER
control field GE_BSU
008 - FIXED-LENGTH DATA ELEMENTS--GENERAL INFORMATION
fixed length control field 181216s||||||||xx |||||||||||||| ||und||
040 ## - CATALOGING SOURCE
Transcribing agency GE_BSU
080 ## - UNIVERSAL DECIMAL CLASSIFICATION NUMBER
Universal Decimal Classification number 631.6(075.8)
100 ## - MAIN ENTRY--PERSONAL NAME
Personal name სხირტლაძე,ს. ფარცვანია,შ.
245 ## - TITLE STATEMENT
Title მელიორაციულ სამუშაოთა მექანიზაცია და ორგანიზაცია.
245 ## - TITLE STATEMENT
Remainder of title სახელმძღვ.სას-სამ. ინ-ტის.სტუდენტებისათვის.
260 ## - PUBLICATION, DISTRIBUTION, ETC.
Place of publication, distribution, etc. თბილისი.
260 ## - PUBLICATION, DISTRIBUTION, ETC.
Name of publisher, distributor, etc. განათლება.
260 ## - PUBLICATION, DISTRIBUTION, ETC.
Date of publication, distribution, etc. 1977.
300 ## - PHYSICAL DESCRIPTION
Extent 364გვ;22სმ.
653 ## - INDEX TERM--UNCONTROLLED
Uncontrolled term მელიორაციულ სამუშაოთა მექანიზაცია და ორგანიზაცია.
942 ## - ADDED ENTRY ELEMENTS (KOHA)
Koha item type წიგნი
ეგზემპლარები
Withdrawn status Lost status Damaged status Not for loan Date acquired Barcode Date last seen Price effective from Koha item type
        2018-12-17 19327 2018-12-17 2018-12-17 წიგნი